000 00625nam a2200193 a 4500
005 20240416064130.0
008 041119s2002 mx r 000 0 spa d
020 _a0415256739
035 _aUPN01000136466
049 _aCG
050 4 _aLB1576
_bF5.4
100 1 _aFisher, Ros
245 1 0 _aInside the literacy hour :
_blearning from classroom experience /
_cRos Fisher.
260 _aLondon :
_aNew York :
_bRoutledge/Falmer,
_c2002.
300 _a190 p. :
_bcuadros
650 4 _aLenguaje y lenguas
_xEstudio y enseñanza (Elemental)
_97681
650 4 _aInglés
_xEstudio y enseñanza (Elemental)
_95087
905 _aLibro
999 _c108617
_d108617